| 000 | 00561nam a2200217 a 4500 | ||
|---|---|---|---|
| 001 | 14148 | ||
| 003 | BD-JhCC | ||
| 005 | 20250130091158.0 | ||
| 008 | 250130b19921998b | ||| ||a| 000 0 eng d | ||
| 035 | _a(BD-JhCC)14148 | ||
| 040 |
_aBD-JhCC _dBD-JhCC |
||
| 041 | _aenglish | ||
| 082 |
_a658.8 _bMAH 1998 |
||
| 100 | _aMahtab,Shahabuddin | ||
| 245 |
_aTalking of Management / _cShahabuddin Mahtab. |
||
| 260 |
_aDhaka: _bZeenat book supply Ltd; _c1998. |
||
| 300 |
_a93 p. : _c22 cm. |
||
| 651 | _aMarketing Management. | ||
| 942 |
_2ddc _cBK |
||
| 999 |
_c14148 _d14148 |
||